LEADER 01206nam--2200361---450- 001 990001667500203316 005 20110518120945.0 010 $a9953-455-81-3 035 $a000166750 035 $aUSA01000166750 035 $a(ALEPH)000166750USA01 035 $a000166750 100 $a20040517d2008----km-y0itay50------ba 101 0 $afre 102 $aLB 105 $ay|||||||001yy 200 1 $a<> littérature francophone du Machrek$eanthologie critique$fsous la direction de Katia Haddad 205 $a2. éd. revue et augmentée 210 $aBeyrouth$cPresses de l'Université Saint Joseph$d2008 215 $a439 p.$d24 cm 606 0 $aScrittori egiziani [e] Scrittori libanesi [e] Scrittori siriani$xLetteratura francese$zSec. 20.$xAntologie$2BNCF 676 $a840.80091 702 1$aHADDAD,$bKatia 801 0$aIT$bsalbc$gISBD 912 $a990001667500203316 951 $aVI.4.A. 1717$b2975 L.G.$cVI.4.A.$d00296712 959 $aBK 969 $aUMA 979 $aMARIA$b10$c20040517$lUSA01$h1054 979 $aANNAMARIA$b90$c20110518$lUSA01$h1207 979 $aANNAMARIA$b90$c20110518$lUSA01$h1209 996 $aLittérature francophone du Machrek$9941974 997 $aUNISA LEADER 00736nam0-2200265 --450 001 9910844696103321 005 20240418112243.0 100 $a20240418d1990----kmuy0itay5050 ba 101 0 $aeng 102 $aUS 105 $aa 001yy 200 1 $a1990 Medical and health annual 210 $aChicago$cEncyclopedia Britannica, Inc.$d1990 215 $a510 p.$cill.$d29 cm 610 0 $aMedicina$aEnciclopedie e dizionari 610 0 $aMdicina$aAnnuari 676 $a610.3$v20$zita 676 $a610.5$v20$zita 801 0$aIT$bUNINA$gREICAT$2UNIMARC 901 $aBK 912 $a9910844696103321 952 $aA MIC 664$b3985/2024$fFAGBC 959 $aFAGBC 996 $a1990 Medical and health annual$94152303 997 $aUNINA